Türkiye'nin Cumhurbaşkanları - Bir dakikalık sprint - Statistics

General Stats
  • This quiz has been taken 58 times
  • The average score is 9 of 12
Answer Stats
Hint Answer % Correct
1923-1938 Mustafa Kemal Atatürk
100%
1938-1950 İsmet İnönü
96%
2014- Recep Tayyip Erdoğan
86%
2007-2014 Abdullah Gül
84%
1950-1960 Celal Bayar
76%
1982-1989 Kenan Evren
72%
1989-1993 Turgut Özal
72%
2000-2007 Ahmet Necdet Sezer
66%
1993-2000 Süleyman Demirel
62%
1973-1980 Fahri Korutürk
58%
1961-1966 Cemal Gürsel
56%
1966-1973 Cevdet Sunay
44%
No matching quizzes found
Score Distribution
Percent of People with Each Score
Percentile by Number Answered
Your Score History
You have not taken this quiz